00204 a2200097 450000100060000008200170000610000220002324500340004526000190007930000080009864105 a623.4519 HEM aHemsch Michael J aTactical Missile Aerodynamics aNYbAIAAc1986 a858